Match female singers with their hits: '80s and '90s - Statistics

General Stats
  • This quiz has been taken 271 times
  • The average score is 12 of 20
Answer Stats
Hint Answer % Correct
"Material Girl" Madonna
96%
"Running Up that Hill" Kate Bush
91%
"Nothing Compares 2U" Sinead O'Connor
91%
"What's Love Got to do With It?" Tina Turner
87%
"Physical" Olivia Newton John
86%
"Fast Car" Tracy Chapman
85%
"Man, I Feel Like a Woman" Shania Twain
81%
"Manic Monday" The Bangles
78%
"How Will I Know?" Whitney Houston
75%
"Hand in My Pocket" Alanis Morissette
63%
"Emotions" Mariah Carey
60%
"Rapture" Debbie Harry
56%
"Ain't Nobody" Chaka Khan
52%
"Doll Parts" Courtney Love
40%
"Real Love" Mary J. Blige
39%
"LoveFool" Nina Persson
34%
"I'm Only Happy When it Rains" Shirley Manson
33%
"Seether" Veruca Salt
31%
"Kiss Them for Me" Siouxsie Sioux
30%
"Why Not Me" The Judds
29%
No matching quizzes found
Score Distribution
Percent of People with Each Score
Percentile by Number Answered
Your Score History
You have not taken this quiz